La gestión del futuro: el modelo de la planeación estratégica participativa con perspectiva de género
| Main Author: | |
|---|---|
| Format: | Section = Libro |
| Language: | Undetermined Spanish |
| Published: |
Estados Unidos
Addison/Wesley
1982
|
| Subjects: |
| LEADER | 00654nam a2200217Ia 4500 | ||
|---|---|---|---|
| 008 | 240830s9999 xx 000 0 und d | ||
| 020 | |a 0-201-07265-3 | ||
| 040 | |a B-ESTELÍ- RUACS / 658.4012 F698 | ||
| 041 | |a spa | ||
| 082 | |a 658.4012 F698 | ||
| 100 | 1 | |a Strang,Gilbert | |
| 245 | 1 | 0 | |a La gestión del futuro: el modelo de la planeación estratégica participativa con perspectiva de género |
| 260 | |a Estados Unidos |b Addison/Wesley |c 1982 | ||
| 300 | |a 454 p:il | ||
| 650 | 7 | |a MATEMATICA | |
| 650 | 7 | |b ALGEBRA | |
| 650 | 7 | |c ELIMINACON GAUSSIANA | |
| 650 | 7 | |d TEORIA DE LAS ECUACIONES LINEALES. | |
| 942 | |c BK |2 ddc | ||
| 991 | |a TEXTO | ||
| 999 | |c 11467 | ||